| 000 | 00646nam a2200205 i 4500 | ||
|---|---|---|---|
| 001 | bgj | ||
| 245 | 0 | 0 |
_aUnderstanding reading comprehension : _bcognition, language, and the structure of prose / _cedited by James Flood. |
| 250 | _a[2nd print.]. | ||
| 260 |
_aNewark, De : _bInternational Reading Association, _c1984. |
||
| 300 |
_aIX, 264 pp : _bfig. ; _c22 cm. |
||
| 504 | _aBibliography p. 247-264. | ||
| 650 | 9 | _aReading comprehension | |
| 650 | 9 | _aReading, Psychology of | |
| 020 | _a0872077365 (pbk) | ||
| 040 | _cBPK | ||
| 041 | 0 | _aeng | |
| 920 | _a0-87207-736-5 (pbk) | ||
| 942 | _cKS | ||
| 008 | s uk f |000 0 eng | ||
| 999 |
_c41362 _d41362 |
||
| 856 |
_uhttp://koha.tu.koszalin.pl/cgi-bin/koha/opac-detail.pl?biblionumber=41362 _yKatalog online BPK |
||